[Event "IECC CL8-2001.05"]
[Site "IECC email"]
[Date "2001.03.19"]
[Round "?"]
[White "Harris, Jeffrey"]
[Black "Meyer, Jean Baptiste"]
[Result "1-0"]
[WhiteElo "1023"]
[BlackElo "996"]
[PlyCount "52"]
[EventDate "2001.??.??"]
[EventType "tourn (corr)"]
[EventRounds "4"]
[SourceTitle "Corr 2008"]
[Source "ChessBase"]
[SourceDate "2008.06.24"]
[SourceVersion "1"]
[SourceVersionDate "2008.06.24"]
[SourceQuality "1"]

1. e4 e5 2. Nf3 Qf6 3. d4 h6 4. a3 exd4 5. Qxd4 Nc6 6. Qxf6 Nxf6 7. Bd3 d6 8. 0-0 Bg4 9. Nh4 Ne5 10. f3 Nxd3 11. cxd3 Bd7 12. Nc3 0-0-0 13. Be3 Kb8 14. Rfc1 g5 15. Nf5 g4 16. a4 gxf3 17. gxf3 Rg8+ 18. Ng3 Bc6 19. b4 b6 20. b5 Bb7 21. Bd4 Nh5 22. Kf2 Nxg3 23. hxg3 d5 24. Rd1 Bd6 25. f4 dxe4 26. dxe4 h5 1-0